[Event "Muensterland Regionalliga Gr2 2223"]
[Site "Germany"]
[Date "2022.09.24"]
[Round "2.4"]
[White "Vijayakumaran, Vithoosan"]
[Black "Terhart, Juergen"]
[Result "0-1"]
[WhiteElo "1791"]
[BlackElo "1816"]
[PlyCount "72"]
[EventDate "2022.09.03"]
[EventType "team-tourn"]
[EventRounds "5"]
[EventCountry "GER"]
[SourceTitle "EXT 2024"]
[Source "ChessBase"]
[SourceDate "2023.10.10"]
[SourceVersion "1"]
[SourceVersionDate "2023.10.10"]
[SourceQuality "1"]
[WhiteTeam "Borken"]
[BlackTeam "Raesfeld Erle II"]
[WhiteTeamCountry "GER"]
[BlackTeamCountry "GER"]

1. c4 c6 2. g3 d5 3. cxd5 cxd5 4. d4 Bf5 5. Nf3 Nc6 6. a3 e6 7. Nc3 Bd6 8. Bg2 Nf6 9. 0-0 0-0 10. Nh4 Bg4 11. Qd3 Qb6 12. Rd1 Bh5 13. h3 Nd7 14. g4 Qd8 15. Nf3 Bg6 16. Qd2 Na5 17. Qe1 Nb3 18. Bd2 Nxa1 19. Rxa1 Rc8 20. e4 dxe4 21. Nxe4 Be7 22. Nc3 Nb6 23. Ne5 Nd5 24. Nxg6 hxg6 25. Nxd5 exd5 26. Qe5 Bf6 27. Qxd5 Qxd5 28. Bxd5 Bxd4 29. Bxb7 Rb8 30. Be4 Rxb2 31. Rd1 Bc5 32. Be3 Bxe3 33. fxe3 Re8 34. Rd4 Rc8 35. Rd1 Ra2 36. Bd5 Rxa3 0-1

[Event "Muensterland Verbandsliga 1819"]
[Site "Germany"]
[Date "2019.02.16"]
[Round "7.4"]
[White "Fasselt, Hendrik"]
[Black "Vijayakumaran, Vithoosan"]
[Result "1/2-1/2"]
[WhiteElo "1826"]
[BlackElo "1772"]
[PlyCount "41"]
[EventDate "2018.09.01"]
[EventType "team-tourn"]
[EventRounds "9"]
[EventCountry "GER"]
[SourceTitle "EXT 2020"]
[Source "ChessBase"]
[SourceDate "2019.10.17"]
[SourceVersion "1"]
[SourceVersionDate "2019.10.17"]
[SourceQuality "1"]
[WhiteTeam "Raesfeld Erle II"]
[BlackTeam "Borken"]
[WhiteTeamCountry "GER"]
[BlackTeamCountry "GER"]

1. b3 e5 2. Bb2 Nc6 3. e3 Nf6 4. Nf3 e4 5. Nd4 Nxd4 6. Bxd4 d5 7. Be2 Be7 8. 0-0 0-0 9. d3 c5 10. Bb2 Qc7 11. Nd2 Rd8 12. d4 b6 13. Rc1 Bd6 14. h3 Qe7 15. Re1 Bb7 16. c4 Rac8 17. cxd5 cxd4 18. Rxc8 Rxc8 19. Bxd4 Bxd5 20. Qa1 Bb4 21. Qd1 1/2-1/2

[Event "Muensterland Verbandsliga 1819"]
[Site "Germany"]
[Date "2018.11.03"]
[Round "3.4"]
[White "Vijayakumaran, Vithoosan"]
[Black "Cigelski, Rudolf"]
[Result "0-1"]
[WhiteElo "1772"]
[BlackElo "1824"]
[PlyCount "94"]
[EventDate "2018.09.01"]
[EventType "team-tourn"]
[EventRounds "9"]
[EventCountry "GER"]
[SourceTitle "EXT 2020"]
[Source "ChessBase"]
[SourceDate "2019.10.17"]
[SourceVersion "1"]
[SourceVersionDate "2019.10.17"]
[SourceQuality "1"]
[WhiteTeam "Borken"]
[BlackTeam "Beelen"]
[WhiteTeamCountry "GER"]
[BlackTeamCountry "GER"]

1. d4 d5 2. c4 Nc6 3. Nf3 Bg4 4. Ne5 Nxe5 5. dxe5 e6 6. h3 Bf5 7. Qb3 b6 8. Nd2 c5 9. g4 Bg6 10. Bg2 Ne7 11. f4 h5 12. f5 Bh7 13. f6 gxf6 14. exf6 Nc6 15. cxd5 Nd4 16. Qa4+ b5 17. Qa6 Nc2+ 18. Kf2 Bd6 19. Nf3 Qb6 20. Qxb6 axb6 21. dxe6 Nxa1 22. Rd1 0-0-0 23. Bd2 Nc2 24. e7 Bxe7 25. fxe7 Rd7 26. Bc3 Re8 27. Rxd7 Kxd7 28. Bf6 Ke6 29. g5 Nb4 30. h4 Nd5 31. Be5 Rxe7 32. Bg3 Ra7 33. a3 b4 34. axb4 Nxb4 35. Ne5 Ra2 36. Nc4 b5 37. Bh3+ Kd5 38. Nd6 Bg6 39. Bg2+ Ke6 40. Nxb5 Rxb2 41. Nc7+ Kd7 42. Nb5 Nd3+ 43. Ke3 Nc1 44. Nc3 Rb3 45. Be5 Na2 46. Kd2 Nb4 47. e4 Rb2+ 0-1

[Event "Muensterland Verbandsliga 1819"]
[Site "Germany"]
[Date "2018.09.22"]
[Round "2.3"]
[White "Vijayakumaran, Vithoosan"]
[Black "Schudro, Vasily"]
[Result "1-0"]
[WhiteElo "1772"]
[BlackElo "2000"]
[PlyCount "55"]
[EventDate "2018.09.01"]
[EventType "team-tourn"]
[EventRounds "9"]
[EventCountry "GER"]
[SourceTitle "EXT 2020"]
[Source "ChessBase"]
[SourceDate "2019.10.17"]
[SourceVersion "1"]
[SourceVersionDate "2019.10.17"]
[SourceQuality "1"]
[WhiteTeam "Borken"]
[BlackTeam "Metelen"]
[WhiteTeamCountry "GER"]
[BlackTeamCountry "GER"]

1. d4 Nf6 2. c4 c5 3. Nf3 cxd4 4. Nxd4 g6 5. Nc3 Bg7 6. g3 0-0 7. Bg2 Nc6 8. 0-0 e5 9. Ndb5 Ne8 10. Be3 a6 11. Bc5 axb5 12. Bxf8 Bxf8 13. cxb5 Ne7 14. Qd2 Qb6 15. Rfd1 d6 16. a4 Be6 17. b4 Bg7 18. a5 Qc7 19. Rac1 Qb8 20. a6 Bc8 21. Nd5 Nxd5 22. Qxd5 Ra7 23. Qc4 Be6 24. Bd5 Bxd5 25. Rxd5 Bf8 26. Qc8 Qa8 27. Qxa8 Rxa8 28. axb7 1-0

[Event "Muensterland Verbandsliga 1718"]
[Site "Germany"]
[Date "2018.04.14"]
[Round "8.4"]
[White "Vijayakumaran, Vithoosan"]
[Black "Sicking, Norbert"]
[Result "1/2-1/2"]
[WhiteElo "1725"]
[BlackElo "1801"]
[PlyCount "97"]
[EventDate "2017.09.09"]
[EventType "team-tourn"]
[EventRounds "9"]
[EventCountry "GER"]
[SourceTitle "EXT 2019"]
[Source "ChessBase"]
[SourceDate "2018.10.10"]
[SourceVersion "1"]
[SourceVersionDate "2018.10.10"]
[SourceQuality "1"]
[WhiteTeam "Borken"]
[BlackTeam "Heiden"]
[WhiteTeamCountry "GER"]
[BlackTeamCountry "GER"]

1. d4 Nf6 2. c4 c6 3. Nc3 d5 4. e3 e6 5. Nf3 Nbd7 6. a3 a6 7. Be2 b5 8. cxb5 axb5 9. Bd2 Bd6 10. Na2 0-0 11. Rc1 Qb6 12. Bb4 Bxb4+ 13. Nxb4 Bb7 14. Nd2 Rfc8 15. Nb3 h6 16. Bd3 Qd8 17. 0-0 Qe7 18. Re1 Qd6 19. Qc2 Ng4 20. g3 e5 21. Bf5 Ngf6 22. Nc5 Nxc5 23. dxc5 Qe7 24. Bxc8 Rxc8 25. a4 bxa4 26. Qxa4 e4 27. Qc2 Nd7 28. f4 exf3 29. e4 Qf6 30. Nd3 dxe4 31. Rxe4 Ba6 32. Nf2 Be2 33. Qd2 Nf8 34. Qd4 Qg5 35. Ra1 Rd8 36. Qc3 Ne6 37. b4 h5 38. Qe3 Qf6 39. Rb1 g6 40. Rc1 Qf5 41. Rc3 Qd5 42. Rc1 Rb8 43. Re5 Qa2 44. Ne4 Qb2 45. Qc3 Qxb4 46. Nf6+ Kh8 47. Qa1 Qb2 48. Ne4 Kg7 49. Re1 1/2-1/2

[Event "Muensterland Verbandsliga 1718"]
[Site "Germany"]
[Date "2018.02.10"]
[Round "6.4"]
[White "Vijayakumaran, Vithoosan"]
[Black "Pinno, Gregor"]
[Result "1/2-1/2"]
[WhiteElo "1725"]
[BlackElo "1776"]
[PlyCount "93"]
[EventDate "2017.09.09"]
[EventType "team-tourn"]
[EventRounds "9"]
[EventCountry "GER"]
[SourceTitle "EXT 2019"]
[Source "ChessBase"]
[SourceDate "2018.10.10"]
[SourceVersion "1"]
[SourceVersionDate "2018.10.10"]
[SourceQuality "1"]
[WhiteTeam "Borken"]
[BlackTeam "Olfen"]
[WhiteTeamCountry "GER"]
[BlackTeamCountry "GER"]

1. d4 d5 2. c4 Nc6 3. e3 Nf6 4. Nc3 e6 5. Nf3 Be7 6. a3 0-0 7. Bd3 dxc4 8. Bxc4 a6 9. 0-0 Bd6 10. b4 e5 11. d5 Ne7 12. e4 Ng6 13. Ne1 Qe7 14. Nd3 Bg4 15. f3 Bd7 16. Be3 Nh5 17. Qd2 f5 18. Bg5 Qe8 19. exf5 Bxf5 20. Nc5 h6 21. Be3 Bc8 22. Ne6 Rf7 23. g3 Nf8 24. Nxf8 Qxf8 25. Qe2 Nf6 26. Ne4 b6 27. Bd3 Bb7 28. Nxf6+ Rxf6 29. Be4 a5 30. Qb2 Qe7 31. Bd2 axb4 32. Bxb4 Bxb4 33. axb4 Rd6 34. Qb3 Kf7 35. Rxa8 Bxa8 36. Ra1 Qd8 37. Qc4 Bxd5 38. Bxd5+ Rxd5 39. Ra7 Kg6 40. Rxc7 Rd1+ 41. Kg2 Rd2+ 42. Kh3 Qf6 43. Rc6 Rd6 44. Qe4+ Kf7 45. Rc7+ Kg8 46. Rc8+ Kf7 47. Rc7+ 1/2-1/2

[Event "Muensterland Verbandsliga 1718"]
[Site "Germany"]
[Date "2017.10.07"]
[Round "2.4"]
[White "Noering, Andreas"]
[Black "Vijayakumaran, Vithoosan"]
[Result "1/2-1/2"]
[WhiteElo "1849"]
[BlackElo "1725"]
[PlyCount "34"]
[EventDate "2017.09.09"]
[EventType "team-tourn"]
[EventRounds "9"]
[EventCountry "GER"]
[SourceTitle "EXT 2019"]
[Source "ChessBase"]
[SourceDate "2018.10.10"]
[SourceVersion "1"]
[SourceVersionDate "2018.10.10"]
[SourceQuality "1"]
[WhiteTeam "Emsdetten Rochade II"]
[BlackTeam "Borken"]
[WhiteTeamCountry "GER"]
[BlackTeamCountry "GER"]

1. e4 c5 2. Nf3 Nf6 3. Nc3 d5 4. exd5 Nxd5 5. Nxd5 Qxd5 6. b3 Bg4 7. Be2 Nc6 8. Bb2 0-0-0 9. d3 e5 10. h3 Bf5 11. Nh4 Bd7 12. Bg4 Be7 13. Qf3 Qxf3 14. Bxd7+ Rxd7 15. Nxf3 f6 16. 0-0-0 Rhd8 17. Rhe1 a6 1/2-1/2

[Event "Muensterland Verbandsliga 1617"]
[Site "Germany"]
[Date "2017.03.18"]
[Round "8.5"]
[White "Wetter, Ralf"]
[Black "Vijayakumaran, Vithoosan"]
[Result "1/2-1/2"]
[WhiteElo "1884"]
[BlackElo "1736"]
[PlyCount "25"]
[EventDate "2016.09.10"]
[EventType "team"]
[EventRounds "9"]
[EventCountry "GER"]
[SourceTitle "EXT 2018"]
[Source "ChessBase"]
[SourceDate "2017.10.13"]
[SourceVersion "1"]
[SourceVersionDate "2017.10.13"]
[SourceQuality "1"]
[WhiteTeam "Heiden"]
[BlackTeam "Borken"]
[WhiteTeamCountry "GER"]
[BlackTeamCountry "GER"]

1. Nf3 f5 2. d4 Nf6 3. g3 e6 4. c4 d5 5. Bg2 c6 6. Nbd2 Bd6 7. 0-0 Qe7 8. b3 Nbd7 9. Bb2 0-0 10. Qc2 Ne4 11. Ne5 g5 12. Ndf3 a5 13. a3 1/2-1/2

[Event "Muensterland Verbandsliga 1516"]
[Site "Germany"]
[Date "2016.04.23"]
[Round "8.5"]
[White "Noering, Andreas"]
[Black "Vijayakumaran, Vithoosan"]
[Result "1/2-1/2"]
[WhiteElo "1839"]
[BlackElo "1674"]
[PlyCount "91"]
[EventDate "2015.09.12"]
[EventType "team"]
[EventRounds "9"]
[EventCountry "GER"]
[SourceTitle "EXT 2017"]
[Source "ChessBase"]
[SourceDate "2016.10.25"]
[SourceVersion "1"]
[SourceVersionDate "2016.10.25"]
[SourceQuality "1"]
[WhiteTeam "Emsdetten Rochade II"]
[BlackTeam "Borken"]
[WhiteTeamCountry "GER"]
[BlackTeamCountry "GER"]

1. e4 d5 2. exd5 Qxd5 3. Nc3 Qd6 4. Nf3 Nf6 5. Be2 a6 6. d3 b5 7. Bg5 Bb7 8. a3 Nbd7 9. 0-0 e6 10. Nd2 Be7 11. Bf3 Bxf3 12. Qxf3 0-0 13. Nde4 Qb6 14. Be3 Qb8 15. Rfe1 Bd6 16. Nxf6+ Nxf6 17. Bd4 Qd8 18. Be3 Nd7 19. d4 Qf6 20. Qxf6 Nxf6 21. Bg5 Rfd8 22. Ne4 Be7 23. Nxf6+ Bxf6 24. Bxf6 gxf6 25. c3 Rd5 26. f4 Rad8 27. Kf2 c5 28. dxc5 Rxc5 29. Rad1 Rcd5 30. Rxd5 Rxd5 31. Ke3 Kf8 32. Re2 Ke7 33. Rc2 f5 34. h3 h5 35. b4 f6 36. c4 bxc4 37. Rxc4 a5 38. Rc7+ Ke8 39. Rh7 axb4 40. axb4 Rb5 41. Rxh5 Rxb4 42. Rh7 Rb3+ 43. Kf2 Rc3 44. h4 Rc2+ 45. Kg3 Rc3+ 46. Kf2 1/2-1/2

[Event "Muensterland Verbandsliga 1516"]
[Site "Germany"]
[Date "2016.01.16"]
[Round "5.7"]
[White "Vijayakumaran, Vithoosan"]
[Black "Boenigk, Winfried"]
[Result "1-0"]
[WhiteElo "1674"]
[BlackElo "1751"]
[PlyCount "97"]
[EventDate "2015.09.12"]
[EventType "team"]
[EventRounds "9"]
[EventCountry "GER"]
[SourceTitle "EXT 2017"]
[Source "ChessBase"]
[SourceDate "2016.10.25"]
[SourceVersion "1"]
[SourceVersionDate "2016.10.25"]
[SourceQuality "1"]
[WhiteTeam "Borken"]
[BlackTeam "Olfen"]
[WhiteTeamCountry "GER"]
[BlackTeamCountry "GER"]

1. b3 Nf6 2. Bb2 d5 3. e3 c5 4. Bb5+ Nc6 5. Nf3 e6 6. 0-0 Bd6 7. Ne5 Qc7 8. f4 0-0 9. Nxc6 bxc6 10. Bxf6 gxf6 11. Bd3 f5 12. Qh5 Kh8 13. Rf3 Rg8 14. Rg3 Bb7 15. Nc3 Rxg3 16. hxg3 Rg8 17. Kf2 Bc8 18. Rh1 f6 19. Rh4 Qe7 20. Ne2 Bd7 21. Ng1 Be8 22. Qf3 Bg6 23. g4 fxg4 24. Rxg4 f5 25. Rg3 Qc7 26. Nh3 Be7 27. Ng5 Qd7 28. Rh3 Bxg5 29. fxg5 e5 30. Qg3 Qg7 31. Rh4 e4 32. Be2 Be8 33. Rh6 Qe7 34. Qh4 Bg6 35. Bh5 Bxh5 36. Qxh5 Rxg5 37. Rxh7+ Qxh7 38. Qxg5 Qd7 39. Qh6+ Kg8 40. Qg5+ Kh8 41. Kg3 Qd6+ 42. Qf4 Qd7 43. Qe5+ Kg8 44. Kf4 a5 45. Qxf5 Qd6+ 46. Qe5 Qf8+ 47. Kg5 Qf2 48. Qe6+ Kg7 49. Qg6+ 1-0

[Event "Muensterland Verbandsklasse 1415"]
[Site "Germany"]
[Date "2015.01.10"]
[Round "5.8"]
[White "Beckmann, Felix"]
[Black "Vijayakumaran, Vithoosan"]
[Result "1-0"]
[WhiteElo "1630"]
[BlackElo "1681"]
[PlyCount "51"]
[EventDate "2014.09.13"]
[EventType "team-tourn"]
[EventRounds "9"]
[EventCountry "GER"]
[SourceTitle "EXT 2016"]
[Source "ChessBase"]
[SourceDate "2015.10.08"]
[SourceVersion "1"]
[SourceVersionDate "2015.10.08"]
[SourceQuality "1"]
[WhiteTeam "Raesfeld Erle II"]
[BlackTeam "Borken"]
[WhiteTeamCountry "GER"]
[BlackTeamCountry "GER"]

1. e4 d5 2. exd5 Qxd5 3. Nc3 Qd6 4. Nf3 Nf6 5. Bc4 a6 6. Qe2 Nc6 7. Ne4 Nxe4 8. Qxe4 g6 9. Ng5 Ne5 10. Qd5 Qxd5 11. Bxd5 e6 12. Bb3 Bh6 13. d4 Bxg5 14. Bxg5 Nd7 15. Bf4 c6 16. Bd6 Nb6 17. c4 Bd7 18. Bc7 Nc8 19. Be5 0-0 20. 0-0-0 b5 21. c5 Re8 22. h4 Rf8 23. Bf6 Re8 24. h5 a5 25. Rd3 e5 26. hxg6 1-0

[Event "Muensterland Verbandsklasse 1415"]
[Site "Germany"]
[Date "2014.12.06"]
[Round "4.8"]
[White "Vijayakumaran, Vithoosan"]
[Black "Hagemann, Lars"]
[Result "1/2-1/2"]
[WhiteElo "1681"]
[BlackElo "1637"]
[PlyCount "95"]
[EventDate "2014.09.13"]
[EventType "team-tourn"]
[EventRounds "9"]
[EventCountry "GER"]
[SourceTitle "EXT 2016"]
[Source "ChessBase"]
[SourceDate "2015.10.08"]
[SourceVersion "1"]
[SourceVersionDate "2015.10.08"]
[SourceQuality "1"]
[WhiteTeam "Borken"]
[BlackTeam "Nienberge II"]
[WhiteTeamCountry "GER"]
[BlackTeamCountry "GER"]

1. b3 e5 2. Bb2 Nc6 3. e3 Nf6 4. Bb5 d6 5. h3 Bd7 6. Ne2 a6 7. Bxc6 Bxc6 8. 0-0 Be7 9. c4 0-0 10. d4 exd4 11. Nxd4 Bd7 12. Qf3 Qc8 13. Nc3 Rb8 14. Rfc1 c5 15. Nde2 Bc6 16. Nd5 Bxd5 17. cxd5 Qd7 18. e4 Ne8 19. e5 dxe5 20. Bxe5 Rc8 21. Ng3 Bf6 22. Re1 Bxe5 23. Rxe5 f6 24. Re2 Nd6 25. Rae1 Rfe8 26. Re6 Rxe6 27. dxe6 Qe7 28. Qd5 g6 29. Rd1 Nb5 30. Ne2 Nc7 31. Qxb7 Qxe6 32. Nf4 Qe8 33. Rc1 Qf8 34. Rxc5 Qxc5 35. Qxc8+ Kf7 36. Qd7+ Qe7 37. Qxe7+ Kxe7 38. Kf1 Nb5 39. Ne2 Kd6 40. Ke1 Kc5 41. Kd2 Kb4 42. Kd3 Ka3 43. f4 Kxa2 44. Kc4 Kb2 45. g4 Na3+ 46. Kb4 Nc2+ 47. Kc4 Na3+ 48. Kb4 1/2-1/2

[Event "Muensterland Verbandsklasse 1415"]
[Site "Germany"]
[Date "2014.11.15"]
[Round "3.8"]
[White "Grotholt, Bernd"]
[Black "Vijayakumaran, Vithoosan"]
[Result "1/2-1/2"]
[WhiteElo "1588"]
[BlackElo "1681"]
[PlyCount "70"]
[EventDate "2014.09.13"]
[EventType "team-tourn"]
[EventRounds "9"]
[EventCountry "GER"]
[SourceTitle "EXT 2016"]
[Source "ChessBase"]
[SourceDate "2015.10.08"]
[SourceVersion "1"]
[SourceVersionDate "2015.10.08"]
[SourceQuality "1"]
[WhiteTeam "Ahaus Wessum II"]
[BlackTeam "Borken"]
[WhiteTeamCountry "GER"]
[BlackTeamCountry "GER"]

1. d4 Nf6 2. c4 e6 3. Nc3 b6 4. Bg5 Be7 5. Nf3 Bb7 6. e3 h6 7. Bh4 0-0 8. Be2 d5 9. cxd5 Nxd5 10. Bxe7 Qxe7 11. 0-0 c5 12. Rc1 Nd7 13. dxc5 Nxc5 14. Nxd5 Bxd5 15. b4 Ne4 16. a3 Rac8 17. Qd4 Rc7 18. Ba6 Rd8 19. Qe5 Nd6 20. Nd2 f6 21. Qb2 b5 22. a4 Nc4 23. Nxc4 Bxc4 24. Rfe1 Rd3 25. axb5 Rb3 26. Qd4 Rxb4 27. b6 Rd7 28. bxa7 Rxd4 29. a8Q+ Rd8 30. Qc6 Bxa6 31. Qxa6 Rb2 32. Rc8 Rbd2 33. Qc4 Rxc8 34. Qxc8+ Rd8 35. Qc4 Rd7 1/2-1/2

[Event "Muensterland Verbandsklasse-B 1213"]
[Site "Germany"]
[Date "2013.03.16"]
[Round "7.7"]
[White "Krosenbrink, Marcel"]
[Black "Vijayakumaran, Vithoosan"]
[Result "1/2-1/2"]
[WhiteElo "1874"]
[BlackElo "1568"]
[PlyCount "88"]
[EventDate "2012.09.15"]
[EventType "team-tourn"]
[EventRounds "9"]
[EventCountry "GER"]
[SourceTitle "EXT 2015"]
[Source "ChessBase"]
[SourceDate "2014.11.20"]
[SourceVersion "1"]
[SourceVersionDate "2014.11.20"]
[SourceQuality "1"]
[WhiteTeam "Stadtlohn"]
[BlackTeam "Borken"]
[WhiteTeamCountry "GER"]
[BlackTeamCountry "GER"]

1. e4 d5 2. exd5 Qxd5 3. Nc3 Qd6 4. h3 Nf6 5. Nf3 a6 6. d4 b5 7. Be3 Bb7 8. Be2 e6 9. a3 Nbd7 10. Qd2 Be7 11. Bf4 Qb6 12. 0-0 0-0 13. Rad1 Nd5 14. Nxd5 Bxd5 15. Nh2 a5 16. Bf3 Bxf3 17. Nxf3 Nf6 18. Qe2 b4 19. axb4 axb4 20. Ne5 Rfd8 21. Qf3 Rd5 22. Be3 Ra6 23. g4 c5 24. dxc5 Bxc5 25. Rxd5 exd5 26. g5 Bxe3 27. fxe3 Qe6 28. Nd3 Ne4 29. Qf4 h6 30. gxh6 Qg6+ 31. Kh2 Rf6 32. Qb8+ Kh7 33. Rxf6 gxf6 34. Qf4 Qh5 35. Qg4 Qxh6 36. Nf4 Nf2 37. Qf5+ Kh8 38. Qxd5 Ng4+ 39. Kg3 Nxe3 40. Qf3 Nf5+ 41. Kh2 Qg5 42. Qh5+ Qxh5 43. Nxh5 Ne3 44. Nxf6 Nxc2 1/2-1/2

[Event "Muensterland Verbandsklasse-A 1112"]
[Site "Germany"]
[Date "2012.02.11"]
[Round "6.8"]
[White "Horstmann, Michael1"]
[Black "Vijayakumaran, Vithoosan"]
[Result "1/2-1/2"]
[WhiteElo "1688"]
[BlackElo "1392"]
[PlyCount "89"]
[EventDate "2011.09.17"]
[EventType "team-tourn"]
[EventRounds "9"]
[EventCountry "GER"]
[SourceTitle "EXT 2013"]
[Source "ChessBase"]
[SourceDate "2012.11.22"]
[SourceVersion "1"]
[SourceVersionDate "2012.11.22"]
[SourceQuality "1"]
[WhiteTeam "Emsdetten Rochade"]
[BlackTeam "Borken"]
[WhiteTeamCountry "GER"]
[BlackTeamCountry "GER"]

1. e4 d5 2. exd5 Qxd5 3. Nc3 Qd6 4. d4 Nf6 5. Nf3 a6 6. h3 b5 7. Be3 Bb7 8. Be2 e6 9. 0-0 Be7 10. Ne5 Nbd7 11. Bf3 Nd5 12. Ne4 Qb6 13. Nxd7 Kxd7 14. Nc5+ Kc8 15. Qd2 Rd8 16. Nxb7 Kxb7 17. a4 c6 18. axb5 axb5 19. c4 bxc4 20. Qc2 Ra6 21. Qxc4 Rda8 22. Rxa6 Rxa6 23. Be2 Ra5 24. Bd3 g6 25. Rb1 Rb5 26. Bd2 Bb4 27. Be3 Be7 28. Qc1 Rb4 29. Ra1 Nc7 30. d5 c5 31. dxe6 fxe6 32. Qd1 Qd6 33. Qc2 Qe5 34. Ra2 Bd6 35. g3 Qd5 36. Ra5 Kb6 37. Ra1 Be5 38. Rc1 Bd4 39. Bc4 Qe5 40. Bf4 Qf6 41. Bxc7+ Kxc7 42. b3 Qe5 43. Qd3 Rb6 44. Qf3 Qf5 45. Kg2 1/2-1/2